Т. 2: Биофизика клеточных процессов. Биофизика мембранных процессов; Биофизика

Dettagli Bibliografici
Parent link:Биофизика: учебник/ А. Б. Рубин. Т. 2: Биофизика клеточных процессов. Биофизика мембранных процессов.— , 2013
Riassunto:Предлагаемая книга представляет собой фундаментальный учебник по биофизике, в котором излагаются основы современной биофизической науки. Во втором томе учебника «Биофизика клеточных процессов. Биофизика мембранных процессов» рассматриваются физико-химические механизмы ряда важнейших процессов, протекающих в организмах. Детально освещаются вопросы структуры и функционирования биологических мембран, биоэлектрогенеза, мышечного сокращения, рецепции, переноса электронов и трансформации энергии в биомембранах. Представлен материал о молекулярных механизмах функционирования ионных каналов. Книга предназначена для широкого круга читателей разного профиля, включающего студентов и аспирантов, а также научных работников, которые интересуются фундаментальными проблемами современной физико-химической биологии. Предполагается, что читатель знаком с основами биологических дисциплин, физики, химии и математического анализа, которые читаются студентам биологических специальностей университетов России в рамках общих курсов на 1-3 годах обучения. Новые необходимые сведения по физике и математике приводятся по ходу изложения основного материала книги.
Lingua:russo
Pubblicazione: 2013
Soggetti:
Natura: MixedMaterials Libro
KOHA link:https://koha.lib.tpu.ru/cgi-bin/koha/opac-detail.pl?biblionumber=238150

MARC

LEADER 00000nam2a2200000 4500
001 238150
005 20231101231604.0
010 |a 9785434401029 
035 |a (RuTPU)RU\TPU\book\259332 
090 |a 238150 
100 |a 20130522d2013 m y0rusy50 ca 
101 0 |a rus 
102 |a RU 
105 |a a j 001zy 
200 0 |a Т. 2: Биофизика клеточных процессов. Биофизика мембранных процессов 
210 |d 2013 
215 |a 381 с.  |c ил. 
320 |a Библиогр.: с. 375-376. 
320 |a Предметный указатель: с. 377-381. 
330 |a Предлагаемая книга представляет собой фундаментальный учебник по биофизике, в котором излагаются основы современной биофизической науки. Во втором томе учебника «Биофизика клеточных процессов. Биофизика мембранных процессов» рассматриваются физико-химические механизмы ряда важнейших процессов, протекающих в организмах. Детально освещаются вопросы структуры и функционирования биологических мембран, биоэлектрогенеза, мышечного сокращения, рецепции, переноса электронов и трансформации энергии в биомембранах. Представлен материал о молекулярных механизмах функционирования ионных каналов. Книга предназначена для широкого круга читателей разного профиля, включающего студентов и аспирантов, а также научных работников, которые интересуются фундаментальными проблемами современной физико-химической биологии. Предполагается, что читатель знаком с основами биологических дисциплин, физики, химии и математического анализа, которые читаются студентам биологических специальностей университетов России в рамках общих курсов на 1-3 годах обучения. Новые необходимые сведения по физике и математике приводятся по ходу изложения основного материала книги. 
461 1 |0 (RuTPU)RU\TPU\book\263625  |t Биофизика  |o учебник  |o в 3 т.  |f А. Б. Рубин  |v Т. 2: Биофизика клеточных процессов. Биофизика мембранных процессов  |d 2013 
606 1 |a Биофизика  |2 stltpush  |3 (RuTPU)RU\TPU\subj\70413  |9 84680 
610 1 |a клеточные процессы 
610 1 |a мембранные процессы 
610 1 |a биологические мембраны 
610 1 |a молекулярная организация 
610 1 |a конформационные свойства 
610 1 |a биоэлектрогенез 
610 1 |a неоэлектролиты 
610 1 |a транспорт 
610 1 |a ионы 
610 1 |a индуцированный ионный транспорт 
610 1 |a активный транспорт 
610 1 |a биомембраны 
610 1 |a энергия 
610 1 |a трансформация 
610 1 |a электроны 
610 1 |a перенос 
610 1 |a мышечные сокращения 
610 1 |a физика 
610 1 |a актин-миозиновый молекулярный мотор 
610 1 |a внутриклеточная сигнализация 
675 |a 577.3(075.8)  |v 3 
801 1 |a RU  |b 63413507  |c 20130522 
801 2 |a RU  |b 63413507  |c 20150526  |g RCR 
942 |c BK 
959 |a 92/20130522  |d 5  |e 490,00  |f ЧЗТЛ:1  |f АНЛ:1  |f УФ:3